Management accounting / (Record no. 283657)
[ view plain ]
| 000 -LEADER | |
|---|---|
| fixed length control field | 00891cam a2200277Ka 4500 |
| 001 - CONTROL NUMBER | |
| control field | ocn830810721 |
| 003 - CONTROL NUMBER IDENTIFIER | |
| control field | OCoLC |
| 005 - DATE AND TIME OF LATEST TRANSACTION | |
| control field | 20150228101004.0 |
| 008 - FIXED-LENGTH DATA ELEMENTS--GENERAL INFORMATION | |
| fixed length control field | 130322s2013 enka b 001 0 eng d |
| 020 ## - INTERNATIONAL STANDARD BOOK NUMBER | |
| International Standard Book Number | 9780077121617 |
| 035 ## - SYSTEM CONTROL NUMBER | |
| System control number | (OCoLC)830810721 |
| Canceled/invalid control number | (OCoLC)857619399 |
| 040 ## - CATALOGING SOURCE | |
| Original cataloging agency | SISPL |
| Transcribing agency | SISPL |
| Modifying agency | YDXCP |
| -- | PHADU |
| 050 ## - LIBRARY OF CONGRESS CALL NUMBER | |
| Classification number | HF 5657.4 |
| Item number | .B87 2013 |
| 100 1# - MAIN ENTRY--PERSONAL NAME | |
| Personal name | Burns, John. |
| 245 10 - TITLE STATEMENT | |
| Title | Management accounting / |
| Statement of responsibility, etc | John Burns [and three others] |
| 260 ## - PUBLICATION, DISTRIBUTION, ETC. (IMPRINT) | |
| Place of publication, distribution, etc | London : |
| Name of publisher, distributor, etc | McGraw-Hill Hgher Education, |
| Date of publication, distribution, etc | c2013. |
| 300 ## - PHYSICAL DESCRIPTION | |
| Extent | xxxi, 642 pages : |
| Other physical details | illustrations (some color) ; |
| Dimensions | 27 cm. |
| 504 ## - BIBLIOGRAPHY, ETC. NOTE | |
| Bibliography, etc | Includes bibliographical references and index. |
| 521 ## - TARGET AUDIENCE NOTE | |
| Target audience note | Business Administration |
| 650 #0 - SUBJECT ADDED ENTRY--TOPICAL TERM | |
| Topical term or geographic name as entry element | Managerial accounting |
| Form subdivision | Textbooks. |
| 650 #0 - SUBJECT ADDED ENTRY--TOPICAL TERM | |
| Topical term or geographic name as entry element | Cost accounting |
| Form subdivision | Textbooks. |
| 700 1# - ADDED ENTRY--PERSONAL NAME | |
| Personal name | Quinn, Martin. |
| 700 1# - ADDED ENTRY--PERSONAL NAME | |
| Personal name | Warren, Liz. |
| 700 1# - ADDED ENTRY--PERSONAL NAME | |
| Personal name | Oliveira, Joao. |
| 942 ## - ADDED ENTRY ELEMENTS (KOHA) | |
| Source of classification or shelving scheme | Library of Congress Classification |
| Koha item type | Books |
| Withdrawn status | Lost status | Source of classification or shelving scheme | Damaged status | Home library | Current library | Shelving location | Date acquired | Source of acquisition | Sub Shelving location | Total Checkouts | Total Renewals | Full call number | Barcode | Date last seen | Date checked out | Price effective from | Koha item type |
|---|---|---|---|---|---|---|---|---|---|---|---|---|---|---|---|---|---|
| Library of Congress Classification | College Library | College Library | Reserve Section | 02/28/2015 | Library Fund | 5 | 34 | HF 5657.4 .B87 2013 | C19135 | 05/11/2019 | 01/07/2019 | 02/28/2015 | Books |